| 000 | 01472nam0a22002771 4500 | ||
|---|---|---|---|
| 001 | RU\INFOCOMM_322\NLR\5000190178 | ||
| 005 | 20250613110941.0 | ||
| 035 | _a(NLR Aleph) 009578383 | ||
| 090 |
_a9174510 _c9174510 |
||
| 100 | _a20130221d1950 |||y0rusy50 ca | ||
| 101 | 1 |
_afre _crus |
|
| 102 | _aRU | ||
| 105 | _ay z ||||| | ||
| 200 | 1 |
_aLe camp de socialisme et le camp du capitalisme _eDiscours prononcé à la Réunion des électeurs de la Circonscription électorale Staline d'Erévan le 10 mars 1590 _fA. Mikoïan |
|
| 210 |
_aM. _cÉd. en langues étrangères _d1950 |
||
| 215 |
_a68 с. _cпортр. _d19 см |
||
| 300 | _aНа рус. яз. книга выходила под загл.: Речь на Собрании избирателей Ереванского-Сталинского избирательного округа 10 марта 1950 года | ||
| 454 | 0 |
_12001#$aРечь на Собрании избирателей Ереванского-Сталинского избирательного округа 10 марта 1950 года _tРечь на Собрании избирателей Ереванского-Сталинского избирательного округа 10 марта 1950 года |
|
| 620 | _aМосква | ||
| 686 |
_aИр4827б _2rubbk |
||
| 700 | 1 |
_aMikojan _bA. I. _gAnastas Ivanovič |
|
| 801 | 1 |
_aRU _bInfocomm _c20130221 |
|
| 801 | 0 |
_aRU _bINFOCOMM _gPSBO |
|
| 852 |
_aNLR _jИр67 Г-4/14 |
||
| 942 | _cBOOK | ||
| 980 | _aNB | ||